000 00758nam a2200229Ii 4500
003 JO-AjNU
008 230605s9999||||xx |||||||||||||| ||und||
017 _a2005/21798
020 _a977-270-978-3
040 _aJO-AjNU
_bara
_erda
_cJO-AjNU
041 _aara
050 1 4 _aZ699.35.M28.R3282 2006
100 3 _aربيع ، سحر حسنين محمد ,
_eauthor
_924259
245 0 0 _aاشكال الفهرسة المقروة اليا
250 _aط1
264 3 1 _aالقاهرة :الدار المصرية اللبنانية ،2006
300 _a348ص
336 _atext
_btxt
_2rdacontent
337 _aunmediated
_bn
_2rdamedia
338 _avolume
_bnc
_2rdacarrier
650 4 _aالفهرسة الالية-شبكات المعلومات
_924260
999 _aA8905
_c12473
_d12473